| 000 | 02494nam a22003251 4500 | ||
|---|---|---|---|
| 005 | 20050808122104.0 | ||
| 008 | 721219s1962 nyu 000 0 eng | ||
| 010 | _aB-341269-275 | ||
| 020 |
_a9788123753331 _c350.00 |
||
| 035 | _aB-341269-275 | ||
| 037 | _bNorth India Publishers & Distributors | ||
| 040 |
_adpl _bEnglish |
||
| 082 | _a338.47669142 | ||
| 100 | _aPendse, D.R. | ||
| 245 |
_aBeyond the giant: _cby D.R. Pendse _bpersonal insight into the life of JRD Tata / |
||
| 260 |
_aNew Delhi _bNational Book Trust _c2008 |
||
| 270 |
_aNehru Bhawan, 5, Institutional Area, Phase-II _bNew Delhi _e110070 |
||
| 300 |
_aviii, 280p. : _c23 cm (Hb) _bb&w photos |
||
| 490 | _aNational biography | ||
| 500 | _ainclude appendix | ||
| 942 |
_cEN _h338.47669142 _mPEN _2ddc |
||
| 999 |
_c24453 _d24453 |
||